LEADER 00852nam a2200205 i 4500 001 000000064081 003 CaOOAMICUS 005 20130318000000.0 008 130318s1966 xx u000 u eng u 013 $a35253 040 $aSeMil$bita 100 1 $aSpinka, Matthew <1890-1972>.$0(OLS)http://semarc/name/32184 245 10$aJohn Hus' concept of the Church /$cby Matthew Spinka. 260 $aPrinceton (New Jersey) :$bPrinceton University Press,$c1966. 300 $aix, 432 p. ;$c21 cm. 600 14$aHus, Jan .$0(OLS)http://semarc/subject/2067 850 $aSeMil 852 $aSeMil$W1$xVenegono$y1$m2M I 31$j30234$B30234$CSeMilBibl$Z2$F30237 $81 996 $6245$aJohn Hus' concept of the Church$9(OLS)http://semarc/title/101340 996 $6260$aPrinceton (New Jersey) :$bPrinceton University Press$9(OLS)http://semarc/publisher/34578 LEADER 00627naa a2200145 i 4500 001 000000302192 003 CaOOAMICUS 005 20180831172736.0 008 180831n xx u000 u und u 013 $a9927 040 $aSeMil$bita 100 1 $aBelda Plans, Juan.$0(OLS)http://semarc/name/47862 245 13$aEl Romano Pontifice como esposo de la Iglesia universal, según el docio ; 14). 773 0 $tSacerdocio del Supremo Pontificado.$dBurgos : Aldecoa, 1982.$kTeología del sacerdocio$z84-7009-120-4$w()35969 996 $6245$aEl Romano Pontifice como esposo de la Iglesia universal, según el docio ; 14).$9(OLS)http://semarc/title/378176